Apuntes al margen
Gardado en:
| Autor Principal: | |
|---|---|
| Formato: | Libro |
| Idioma: | Lingua castelá |
| Publicado: |
Santiago
Ediciones Universidad Diego Portales
2014
|
| Edición: | 1a. ed |
| Subjects: | |
| Tags: |
Engadir etiqueta
Sen Etiquetas, Sexa o primeiro en etiquetar este rexistro!
|
MARC
| LEADER | 00000cam a2200000 a 4500 | ||
|---|---|---|---|
| 001 | UCD6281 | ||
| 003 | CL-VaPUC | ||
| 008 | 161124e20141000cl |||||||||||||||||spa|d | ||
| 020 | |a 9789563143027 | ||
| 082 | 0 | 4 | |a 190 |b COR |2 21 |
| 100 | |a Cordua, Carla |e autora |9 463251 | ||
| 245 | 1 | 0 | |a Apuntes al margen |
| 250 | |a 1a. ed | ||
| 300 | |a 139 p | ||
| 942 | |c BK | ||
| 945 | |d 20161124 22:47:00 |a arojas | ||
| 260 | |a Santiago |b Ediciones Universidad Diego Portales |c 2014 | ||
| 650 | 0 | |a Filosofía del lenguaje |9 257082 | |
| 650 | 0 | |a Filosofía del arte |9 264951 | |
| 650 | 0 | |a Filosofía moderna |9 258121 | |
| 650 | 0 | |a Historia y crítica |9 257407 | |
| 583 | |a last modification |c 20161124 22:47:00 |k Rodrigo Vera | ||
| 999 | |c 366638 |d 366636 | ||